01780nam a22001577a 4500008004100000020001500041050001500056100002300071245007600094250001200170260004000182300002800222500002000250505132400270700002801594170609b xxu||||| |||| 00| 0 eng d a0801655420 aRG101.W75  aWillson, Robert J. aObstetrics and gynecology. /cJ. Robert Willson; Elsie Reid Carrington. a9th ed. aSt. Louis, Missouri:bMosby,c1991. ax, 658p.:bill.;c20cm. aIncludes index. aContents: Gynaecology section: The History and examination in gynaecology -- The Menstrual cycle and its disorders -- The Uterus and its abnomalities -- The Cervix and its disorders -- The Ovary and its disorders -- Disorders of the vulva and vagina -- Prolapse of the uterus and vagina -- Disorders of the urinary tract -- Endomentriosis and chronic pelvic pain -- Genital tract infections -- Fertility and subfertility -- Contraception -- The Menopause and post-reproductive health -- Disorders of early pregnancy -- Gynaecological operations -- Obstetrics section: The History and examination in obstetrics -- Antenatal care -- Congenital abnormalities and their identification -- Infections in pregnancy -- Hypertensive disorders in pregnancy -- Other medical disorders in pregnancy -- Red blood cell isoimmunization -- Preterm delivery -- Antepartum Haemorrhage -- Fetal growth, compromise and surveillance -- Abnormal lie and breech presentation -- Multiple pregnancy -- Labour 1: mechanism-anatomy and physiology -- Labour 2: management -- Labour 3: Special circumstances -- Instrumental and operative delivery -- Obstetric emergencies -- The Puerperium -- Birth statistics and audit -- Legal(UK) and ethical issues in obstetrics and gynaecology -- Gynaeclogy management section -- Obstetric management section. aCarrington, Elsie Reid.